000 00738nam a2200205Ia 4500
003 GCL
008 140319s9999 xx 000 0 ara d
040 _aGCL /
_cGCL
082 0 4 _a907.2
_bع ت
100 1 _aعبدالعزيز عبدالغنى ابراهيم
245 1 0 _aالتاريخ تاريخه وتفسيره وكتابته /
_cعبدالعزيز عبدالغنى ابراهيم
260 _aالسودان :
_bالدار السودانية للكتب ،
_c1999
300 _a334 ص ؛
_c24 سم
650 0 4 _aالتاريخ الاسلامى
650 0 4 _aالتاريخ
650 0 4 _aالتأريخ
650 0 4 _aالتاريخ الاسلامى - مصادره
650 0 4 _aالتاريخ - مصادر
942 _2ddc
_cBK
999 _c1103
_d1103